| 000 | 00521 a2200169 4500 | ||
|---|---|---|---|
| 003 | OSt | ||
| 005 | 20231122140340.0 | ||
| 008 | 231122b |||||||| |||| 00| 0 eng d | ||
| 020 | _a9788189301033 | ||
| 040 | _coclc | ||
| 082 |
_a540 _bROY/U |
||
| 100 |
_aRoy, B _98473 |
||
| 245 |
_aNTA CSIR-UGC( NET) JRF/Lecturership Chemical Sciences (Chemistry) / _cB Roy and M Gagan |
||
| 260 |
_aNew Delhi: _bDanika Publishing company, _c2023. |
||
| 300 | _a312p | ||
| 942 |
_2ddc _cBK _h540 _iROY/U _k540 _mROY/U |
||
| 999 |
_c41848 _d41848 |
||